| 000 | 00548nam a22001577a 4500 | ||
|---|---|---|---|
| 003 | macl | ||
| 005 | 20200814122140.0 | ||
| 008 | 200814b xxu||||| |||| 00| 0 eng d | ||
| 040 | _cmacl | ||
| 082 | _a741.642 | ||
| 100 |
_aशापित , डाॅ .मुरारीलाल _979358 |
||
| 245 | _aनेताजी सुभाष चन्द्र बोस | ||
| 260 |
_aदिल्ली _bइंटरनेशनल बुक हाउस _c2019 |
||
| 650 |
_aचिल्ड्रन बुक _9159 |
||
| 942 |
_2ddc _cHIN |
||
| 999 |
_c62932 _d62932 |
||